000 00715nam a2200217 u 4500
005 20241203063744.0
008 150323s2005 mx r 000 0 spa d
020 _a9707700920
035 _aUPN01000202702
049 _aI
050 4 _aQE861.5
_bF3.3
100 1 _aFarré, Marie
_936882
245 1 4 _aLos extraños animales de la prehistoria /
_cMarie Farré ; il. Henri Galeron ; tr. Adrian Pellaumail.
260 _aMéxico :
_bSantillana,
_c2005.
300 _a34 p. :
_bil., col.
440 0 _aAltea Benjamín ;
_pA partir de 6 años
534 _pTítulo original:
_tEtranges animaux de la préhistoire
650 4 _aDinosaurios
_vLiteratura infantil
_99370
905 _aInfantil
999 _c174803
_d174803